| 000 | 01468nam a22002417a 4500 | ||
|---|---|---|---|
| 999 |
_c22132 _d22132 |
||
| 003 | AR-CdUCM | ||
| 008 | 190605b ||||| |||| 00| 0 spa d | ||
| 040 |
_aMUNICIPALIDAD PROVINCIAL DEL CUSCO _cBIBLIOTECA MUNICIPAL DEL CUSCO |
||
| 082 | _aRevZoo/N°2/1986 | ||
| 110 |
_aUniversidad Nacional de San Antonio Abad del Cusco _915942 |
||
| 245 |
_aRevista de Zoología / _cFacultad de Ciencias Biológicas y Geografía |
||
| 260 |
_aCusco. _bYañez, _c1986. |
||
| 300 |
_a101 páginas ; _bIlustraciones, _c29 cm. |
||
| 440 |
_aRevista de Zoología. _nVolumen 2, N°2, 1986. _947508 |
||
| 505 | _aContenido: Actividades de los Biólogos en las áreas de Zoología y Ecología. -- Aves registradores en las lagunas de Huacarpac Cusco. Ceballos B, Ismael. -- Un informe sobre el viaje de prácticas de Zoología económica realizado al departamento de Ayacucho en 1965. -- Gusanos cortadores de chocleros del maíz en el Cusco. -- Fósiles de camélidos del cuaternario del valle del Cusco. José Ángel Ramírez. -- Busqueda de tecnología para la introducción y adaptación de la cochinilla del carmín en la comunidad de Ccapa Paruro. Edgar Ormachea. -- Análisis coproparasitológico en el poblado de Aguas Calientes Machupicchu. Flavia Muñiz. ... | ||
| 650 |
_aEcología _94960 |
||
| 650 |
_aBiología _9881 |
||
| 650 |
_aZoología cusqueña _947509 |
||
| 700 |
_aEscalante, Jose A. _943340 |
||
| 700 |
_aOchoa, Oscar _943341 |
||
| 942 |
_2ddc _cPP |
||
| 945 | _avhl | ||